German words A1.1 (Lektion 8) - Statistics

General Stats
  • This quiz has been taken 9 times
  • The average score is 25 of 47
Answer Stats
In German In English % Correct
Mittwoch der, -e Wednesday
100%
Bar die, -s Bar
86%
Konzert das, -e Concert
86%
Tag der, -e Day
86%
Disco die, -s Disco
86%
Abend der, -e Evening
86%
Freitag der, -e Friday
86%
Montag der, -e Monday
86%
Morgen der, - Morning
86%
Museum das, Museen Museum, museums
86%
Nacht die, -e Night
86%
Restaurant das, -s Restaurant
86%
Samstag der, -e Saturday
86%
Sonntag der, -e Sunday
86%
Schwimmbad das, -er Swimming pool
86%
Theater das, - Theater
86%
Donnerstag der, -e Thursday
86%
Dienstag der, -e Tuesday
86%
Woche die, -e Week
86%
Nachmittag der, -e Afternoon
71%
Cafe das, -s Cafe
71%
Liebe/Lieber Love/dear
71%
Radio das, -s Radio
71%
Sehen (To) see, look
71%
Halb Half
57%
Uhr die, -en Hour
57%
Mittag der, -e Noon
57%
Kaffee der Cofee
43%
Essen das, - Food
43%
Idee die, -n Idea
29%
Moregn Morning, tomorrow
29%
Ausstellung die, -en Show, exhibition
29%
Bald Soon, shortly
29%
Fernsehen das Television
29%
Warum? Why?
29%
Vormittag der, -e Before noon, late morning
14%
Wissen Knowledge, to know
14%
Spät Late
14%
Kneipe die, -s Pub, saloon
14%
Liebe Grüße Best regards
0%
Besonders Especially, particularly
0%
Vielleicht Maybe, perhaps
0%
Keine Lust/Lust auf? No desire/in the mood for
0%
Höflich/unhöflich Polite, impolite
0%
Bis dann! See you then
0%
Herzliche Grüße Warm regards/kind regards
0%
Noch Yet, still
0%
No matching quizzes found
Score Distribution
Percent of People with Each Score
Percentile by Number Answered
Your Score History
You have not taken this quiz